00769nam a2200253Ia 4500008004000000020001800040041000800058082001600066100002500082245004500107260004500152300001300197650001300210650001300223650001100236650000700247650001300254650000800267690001300275700001800288906001100306999001900317952017900336210210b2013 xxu||||| |||| 00| 0 eng d a9780199759996 aeng a201.76 JUEO aJUERGENSMEYER (Mark) aOxford handbook of religion and violence aNew YorkbOxford University Pressc2013 axiii,653 aviolence areligion aOxford aof ahandbook aand aReligion aKITTS (Margo) a067753 c151504d151504 001040738ReligionaALbALcReference Sectiond2021-02-17eIntact Bookhouse Pvt. Ltd, Bangalore-560050g4995.00l0o201.76 JUEOp067753r2021-02-17 00:00:00w2021-02-17yBK